Romania at the beginning of World War I. A Historical and Theoretical Sketch of Foreign Policy

Historická a teoretická analýza zahraničnej politiky Rumunska na začiatku prvej svetovej vojny, najmä v prvej fáze rumunskej neutrality. Racionalita štátnych aktérov v medzinárodných vzťahoch. Správanie rumunského štátu ako racionálneho aktéra na medzinárodnej scéne v snahe dosiahnuť národný ideál....

Descrizione completa

Salvato in:
Dettagli Bibliografici
Autore principale: Gorun, Hadrian
Natura: Capitolo di libro
Lingua:inglese
Soggetti:
Tags: Aggiungi Tag
Nessun Tag, puoi essere il primo ad aggiungerne!!

MARC

LEADER 00000naa a2200000 4500
001 0263642
005 20200602090715.4
041 0 |a eng 
044 |a PT 
245 1 0 |a Romania at the beginning of World War I. A Historical and Theoretical Sketch of Foreign Policy  |c Hadrian Gorun 
520 |a Historická a teoretická analýza zahraničnej politiky Rumunska na začiatku prvej svetovej vojny, najmä v prvej fáze rumunskej neutrality. Racionalita štátnych aktérov v medzinárodných vzťahoch. Správanie rumunského štátu ako racionálneho aktéra na medzinárodnej scéne v snahe dosiahnuť národný ideál. Povaha rumunskej neutrality. Zrodenie rovnováhy moci a realpolitiky v medzinárodnom meradle. 
610 2 0 |a vojny 
610 2 0 |a Rumunsko 
610 2 0 |a vzťahy medzinárodné 
610 2 0 |a politika zahraničná 
610 2 0 |a história 
610 2 0 |a neutralita 
100 1 |a Gorun, Hadrian